UBT Library

Astronomy (Record no. 57007)

000 -LEADER
fixed length control field 00294nam a22001457a 4500
008 - FIXED-LENGTH DATA ELEMENTS--GENERAL INFORMATION
fixed length control field 210429b ||||| |||| 00| 0 eng d
020 ## - INTERNATIONAL STANDARD BOOK NUMBER
International Standard Book Number 9781308319759
041 ## - LANGUAGE CODE
Language code of text/sound track or separate title eng
080 ## - UNIVERSAL DECIMAL CLASSIFICATION NUMBER
Universal Decimal Classification number 521
082 ## - DEWEY DECIMAL CLASSIFICATION NUMBER
Classification number 521
100 ## - Rafti
Rafti 42
101 ## - Shkurtesa
Shkurtesa AST
245 ## - TITLE STATEMENT
Title Astronomy
Statement of responsibility, etc AST,
942 ## - ADDED ENTRY ELEMENTS (KOHA)
Source of classification or shelving scheme
Item type Books
Holdings
Withdrawn status Lost status Source of classification or shelving scheme Damaged status Not for loan Collection code Permanent location Current location Shelving location Date acquired Total Checkouts Full call number Barcode Date last seen Price effective from Koha item type
          Koleksioni i përgjithshem UBT - Lipjan UBT - Lipjan Koleksioni i përgjithshem 04/29/2021   521 AST 002-5000272 04/29/2021 04/29/2021 Books
          Koleksioni i përgjithshem UBT - Lipjan UBT - Lipjan Koleksioni i përgjithshem 04/29/2021   521 AST 002-5000268 04/29/2021 04/29/2021 Books
          Koleksioni i përgjithshem UBT - Lipjan UBT - Lipjan Koleksioni i përgjithshem 05/21/2021   521 ARN 002-7002903 05/21/2021 05/21/2021 Books
UBT Library © 2015-2024. All rights reserved University Education for Business and Technology